Geografia na cztery litery - Statystyki

Ogólne statystyki
  • Ten quiz został rozwiązany 43 razy
  • Średni wynik to 17 z 21
Statystyki odpowiedzi
Wskazówka Odpowiedź % Poprawnych
Rzeka płynąca wzdłuż granicy polsko-niemieckiej Odra
100%
Jedyne państwo na świecie na literę O Oman
100%
Opad atmosferyczny w postaci bryłek lodu grad
95%
Gorąca masa wypływająca podczas wybuchu wulkanu lawa
92%
Największe miasto Norwegii Oslo
92%
Jedna z planet Układu Słonecznego - gazowy olbrzym Uran
92%
Stolica, przez którą przepływa Nil Kair
90%
Państwo z Machu Pichhu Peru
90%
Pustynia w Azji Wschodniej Gobi
87%
Łańcuch górski, umowna granica między Europą a Azją Ural
87%
Stolica Azerbejdżanu Baku
85%
Dawny pałac królewski, obecnie muzeum sztuki, w którym znajduje się Mona Lisa Luwr
82%
W tym kraju na Bliskim Wschodnie, oficjalnie funkcjonuje muzułmański kalendarz księżycowy Iran
79%
Siedziba holenderskiego rządu, parlamentu i rodziny królewskiej Haga
77%
Imię Polaka, który uzyskał pokojową Nagrodę Nobla Lech
77%
Nazwisko właściciela SpaceX, Tesli, X.com Musk
77%
... wiatrów - z kierunkami N,S,W,E róża
69%
Jedna z pięciu zasad i obowiązków muzułmanina dotycząca ramadanu post
67%
Jedno z pięciu Wielkich Jezior Ameryki Północnej Erie
46%
Nazwa miejscowości i jeziora w tej miejscowości o kształcie litery Y we Włoszech Como
41%
Terytorium zależne USA w środkowej części Oceanii Guam
26%
Nie znaleziono quizów pasujących do podanych kryteriów
Rozkład punktacji
Procent ludzi z każdym wynikiem
Percentyl według liczby udzielonych odpowiedzi
Twoja historia wyników
Nie rozwiązałeś tego quizu